000 00661nam a2200193Ia 4500
003 GCL
008 140319s9999 xx 000 0 ara d
040 _aGCL /
_cGCL
082 0 4 _aش ف
_b791.43
_bت ز
100 1 _aتوفيق حمزة
245 1 0 _aالزهور القاتلة (شرائط فيديو) /
_cتوفيق حمزة
260 _aالقاهرة :
_bشركة الجذور سنتر ،
_c1980
300 _a1 شريط:
_bلو ؛
_c1\2 بوصة
650 0 4 _aالافلام العربية
650 0 4 _aالافلام الاجتماعية
650 0 4 _aالفيديو، أشرطة
650 0 4 _aالتسجيلات المرئية
942 _2ddc
_cVM
999 _c37392
_d37392